| 000 | 00640nam a2200181Ia 4500 | ||
|---|---|---|---|
| 008 | 090124s9999 xx 000 0 und d | ||
| 082 | _b110039 | ||
| 100 | _aनांगरे बलराम ( पाठक गंगाधर रामचंद्र ) | ||
| 245 | _a अंतर | ||
| 250 | _a1 | ||
| 260 | _c1962 | ||
| 300 | _a1620 | ||
| 600 | _aनांगरे बलराम ( पाठक गंगाधर रामचंद्र ) | ||
| 630 | _a अंतर | ||
| 700 | _aनांगरे बलराम ( पाठक गंगाधर रामचंद्र ) | ||
| 730 | _a अंतर | ||
| 942 | _cBOOK | ||
| 999 |
_c156130 _d156130 |
||